000 00317nam a2200109Ia 4500
008 200302s9999 xx 000 0 und d
100 _aLouice G. Redstone FAIA
245 _aInstitutional Buildings Architecture of The Controlled Environment
260 _bAn Architectural Record Book
260 _c1980
300 _a181 P.,
999 _c821
_d821